Y học phổ thông dành cho mọi người : Chuyên đề gạo lứt
Chuyên đề bao gồm các nội dung: công dụng của gạo lứt; những bài thuốc đơn giản, dễ tìm; gạo lứt thức ăn tuyệt vời; trà gạo lứt; một số bài thuốc tà; thông tin thẩm mỹ: thẩm mỹ vùng mắt bị lão hóa; cháo gạo lứt;......
Sparad:
| Huvudupphovsman: | |
|---|---|
| Övriga upphovsmän: | , , , |
| Materialtyp: | Bok |
| Språk: | Vietnamese |
| Publicerad: |
Tp. Hồ Chí Minh
Thanh niên
2008
|
| Ämnen: | |
| Taggar: |
Lägg till en tagg
Inga taggar, Lägg till första taggen!
|
| Thư viện lưu trữ: | Thư viện Trường Đại học Nam Cần Thơ |
|---|
| LEADER | 01418nam a2200289 4500 | ||
|---|---|---|---|
| 001 | NCT_121594 | ||
| 008 | 170928b xxu||||| |||| 00| 0 vie d | ||
| 999 | |c 6222 |d 6222 | ||
| 020 | |c 18000 | ||
| 041 | |a vie | ||
| 082 | 0 | 4 | |2 23rd ed. |a 610 |b Ph431 |
| 100 | 1 | |a Thái Huy Phong |e Chủ biên | |
| 245 | 1 | 0 | |a Y học phổ thông dành cho mọi người : |b Chuyên đề gạo lứt |p |c Thái Huy Phong (Chủ biên) ; Ngô Ánh Tuyết, Nguyễn Văn Khuê, Bùi Công Ngân |
| 260 | |a Tp. Hồ Chí Minh |b Thanh niên |c 2008 | ||
| 300 | |c 26cm | ||
| 310 | |a Hàng tháng | ||
| 362 | |a 2008 | ||
| 520 | 3 | |a Chuyên đề bao gồm các nội dung: công dụng của gạo lứt; những bài thuốc đơn giản, dễ tìm; gạo lứt thức ăn tuyệt vời; trà gạo lứt; một số bài thuốc tà; thông tin thẩm mỹ: thẩm mỹ vùng mắt bị lão hóa; cháo gạo lứt;... | |
| 653 | |a Y đa khoa | ||
| 655 | |a Tạp chí | ||
| 700 | 1 | |a Đinh Công Bảy |e Chủ biên | |
| 700 | 1 | |a Ngô Ánh Tuyết | |
| 700 | 1 | |a Nguyễn Văn Khuê | |
| 700 | 1 | |a Bùi Công Ngân | |
| 942 | |2 ddc |c CR | ||
| 952 | |0 0 |1 0 |2 ddc |4 0 |6 610_000000000000000_PH431 |7 0 |9 23758 |a 000001 |b 000001 |d 2022-05-11 |o 610 Ph431 |r 2022-05-11 |w 2022-05-11 |y CR | ||
| 980 | |a Thư viện Trường Đại học Nam Cần Thơ | ||